000 02039nam a22002777a 4500
999 _c61553
_d61553
003 Ge_BSU
005 20240325112212.0
008 240325s2023 ge ||||| |||| 00| 0 geo d
041 _ageo
080 _a339.137.27(038) კ-73
245 _aკონკურენციის ტერმინთა განმარტებითი ლექსიკონი = Glossary of Competition Terms /
_cშემდგენლები: ქეთი ზუკაკიშვილი, ქეთევან ლაფაჩი, იურატე სოვიენე, ლიანა ჯაფარიძე ; სამეცნ. რედ. ნოდარ ხადური
250 _aმე-2 გამოცემა.
264 _aთბილისი,
_c2023.
300 _a200 გვ. ;
_b21 სმ.
500 _aეძღვნება სამეცნიერო რედაქტორის ნოდარ ხადურის ხსოვნას.
501 _aანბანური საძიებელი (ინგლისურ-ქართული): გვ. 186-191.
504 _aბიბლიოგრაფია: გვ. 192-200.
653 _aკონკურენციის ტერმინთა განმარტებითი ლექსიკონი = Glossary of Competition Terms
653 _aკონკურენციის ტერმინთა ლექსიკონი
653 _aეკონომიკა
700 _aზუკაკიშვილი, ქეთი
_eშემდგენელი
_921557
700 _aლაფაჩი, ქეთევან
_eშემდგენელი და სხვ..
_921558
710 _aსახელმწიფო ენის დეპარტამენტი.
_bპუბლიკაცია შექმნილია ევროკავშირის მხარდაჭერით
_921559
773 _tნაჩუქარი
942 _2udc
_cᲬᲘᲒᲜᲘ